[Event "Pozarevac Rudar IM 04"]
[Site "Pozarevac"]
[Date "2024.04.14"]
[Round "6"]
[White "Tregubenko, Nikolay"]
[Black "Mayank, Chakraborty"]
[Result "1-0"]
[WhiteElo "2098"]
[BlackElo "2386"]
[PlyCount "105"]
[EventDate "2024.04.10"]
[EventType "tourn"]
[EventRounds "9"]
[EventCountry "SRB"]
[EventCategory "1"]
[SourceTitle "CB17_2024"]
[SourceDate "2024.04.24"]
[SourceVersion "1"]
[SourceVersionDate "2024.04.24"]
[SourceQuality "1"]

1. e4 e5 2. Nf3 Nc6 3. Bb5 a6 4. Bxc6 dxc6 5. d4 exd4 6. Qxd4 Qxd4 7. Nxd4 c5 8. Ne2 Bd7 9. Nbc3 0-0-0 10. Be3 Bc6 11. f3 g6 12. Kf2 b6 13. Rad1 Re8 14. Rhe1 Bg7 15. b3 Ne7 16. Bd2 f5 17. Ng3 Rd8 18. Nb1 Bd4+ 19. Kf1 fxe4 20. Nxe4 Nf5 21. c4 Kb7 22. Na3 Rhe8 23. Bg5 Rd7 24. Nc2 Rf8 25. Nxd4 cxd4 26. Nf2 h6 27. Bc1 g5 28. Kg1 Nh4 29. Re6 Nxg2 30. Rxc6 Kxc6 31. Kxg2 Kb7 32. c5 bxc5 33. Nd3 Rf5 34. Ba3 Rdd5 35. Rc1 Kb6 36. Rc4 Kb5 37. Kg3 a5 38. h3 Rd7 39. Bxc5 Rdf7 40. a4+ Ka6 41. Rxd4 Rxf3+ 42. Kg4 h5+ 43. Kxh5 Rxh3+ 44. Kxg5 Rff3 45. Nf4 Rhg3+ 46. Kf5 Rxb3 47. Rd7 Kb7 48. Ne6 Kc6 49. Rxc7+ Kd5 50. Nf4+ Kc4 51. Bd6+ Kd4 52. Ne2+ Kd5 53. Bxg3 1-0

[Event "Pozarevac Rudar IM 04"]
[Site "Pozarevac"]
[Date "2024.04.13"]
[Round "4"]
[White "Ilincic, Zlatko"]
[Black "Mayank, Chakraborty"]
[Result "1/2-1/2"]
[WhiteElo "2262"]
[BlackElo "2386"]
[PlyCount "91"]
[EventDate "2024.04.10"]
[EventType "tourn"]
[EventRounds "9"]
[EventCountry "SRB"]
[EventCategory "1"]
[SourceTitle "CB17_2024"]
[SourceDate "2024.04.24"]
[SourceVersion "1"]
[SourceVersionDate "2024.04.24"]
[SourceQuality "1"]

1. d4 Nf6 2. c4 e6 3. a3 d5 4. e3 b6 5. Nf3 Bb7 6. Nbd2 Be7 7. Bd3 0-0 8. Qc2 c5 9. cxd5 exd5 10. dxc5 bxc5 11. b3 a5 12. Bb2 a4 13. bxa4 c4 14. Be2 Nbd7 15. 0-0 Nc5 16. Rfb1 Bc6 17. Be5 Nfd7 18. Bd4 Ne6 19. Bc3 Bf6 20. Rb4 Ndc5 21. Rab1 Nxa4 22. Be5 Be7 23. Rb8 Qd7 24. Rxf8+ Bxf8 25. e4 f6 26. exd5 Bxd5 27. Ba1 Rc8 28. Bxc4 Bxc4 29. Nxc4 Qc6 30. Rc1 Nf4 31. Kh1 Qd7 32. Qd2 Qc7 33. Rc2 Qb8 34. g3 Ng6 35. Ne3 Rd8 36. Qe2 Nc5 37. Bc3 Nd3 38. Bb4 Bxb4 39. axb4 Qxb4 40. Rd2 Qb1+ 41. Ne1 Nge5 42. Nd1 Rd7 43. Nxd3 Rxd3 44. Rxd3 Qxd3 45. Qxd3 Nxd3 46. Kg2 1/2-1/2

[Event "Pozarevac Rudar IM 04"]
[Site "Pozarevac"]
[Date "2024.04.10"]
[Round "1"]
[White "Sai Mahati, Alapati"]
[Black "Mayank, Chakraborty"]
[Result "1/2-1/2"]
[WhiteElo "2155"]
[BlackElo "2386"]
[PlyCount "115"]
[EventDate "2024.04.10"]
[EventType "tourn"]
[EventRounds "9"]
[EventCountry "SRB"]
[EventCategory "1"]
[SourceTitle "CB17_2024"]
[SourceDate "2024.04.24"]
[SourceVersion "1"]
[SourceVersionDate "2024.04.24"]
[SourceQuality "1"]

1. d4 Nf6 2. c4 g6 3. Nc3 Bg7 4. e4 d6 5. Nf3 0-0 6. Be2 e5 7. 0-0 Bg4 8. Be3 Bxf3 9. Bxf3 exd4 10. Bxd4 Nc6 11. Be3 Re8 12. Qc2 h5 13. h3 Nh7 14. Rad1 Ng5 15. Be2 Bxc3 16. bxc3 Nxe4 17. Bd3 Qh4 18. Rfe1 Kh7 19. Bxa7 Nc5 20. Bxc5 dxc5 21. Be4 Qf6 22. Re3 Rad8 23. Rf3 Qe7 24. Bxc6 bxc6 25. Re3 Qh4 26. Rxd8 Rxd8 27. Qe2 Kg7 28. Re7 Qf4 29. Qe5+ Qxe5 30. Rxe5 Rd1+ 31. Kh2 Ra1 32. Rxc5 Rxa2 33. Kg3 Ra6 34. Kf4 Kf6 35. g4 hxg4 36. hxg4 Ke7 37. Re5+ Kf8 38. Ke3 f6 39. Re4 Kf7 40. Kd4 Ra2 41. Rf4 Ra5 42. Re4 Ra2 43. Rf4 Ra5 44. Re4 Rg5 45. f3 Ra5 46. Re3 Rg5 47. Re4 Ra5 48. Re2 f5 49. Re5 Rxe5 50. Kxe5 fxg4 51. fxg4 Ke7 52. c5 Kf7 53. Kf4 Kf6 54. g5+ Ke6 55. Ke4 Kf7 56. Kf4 Ke6 57. Ke4 Kf7 58. Kf4 1/2-1/2

[Event "Dhaka Elegant Aspirant 2nd"]
[Site "Dhaka"]
[Date "2024.02.24"]
[Round "5"]
[White "Mayank, Chakraborty"]
[Black "Mohammad Fahad, Rahman"]
[Result "1/2-1/2"]
[WhiteElo "2383"]
[BlackElo "2418"]
[PlyCount "60"]
[EventDate "2024.02.21"]
[EventType "tourn"]
[EventRounds "9"]
[EventCountry "BAN"]
[EventCategory "6"]
[SourceTitle "CB10_2024"]
[SourceDate "2024.03.06"]
[SourceVersion "1"]
[SourceVersionDate "2024.03.06"]
[SourceQuality "1"]

1. d4 d5 2. c4 c6 3. cxd5 cxd5 4. Nc3 Nc6 5. Bf4 Nf6 6. e3 a6 7. Be2 Bf5 8. Nf3 e6 9. 0-0 Bd6 10. Bxd6 Qxd6 11. Rc1 0-0 12. Na4 Bg4 13. a3 Bxf3 14. Bxf3 Nd7 15. Be2 Rfc8 16. Bd3 Rc7 17. Nc5 Nxc5 18. dxc5 Qe7 19. b4 e5 20. e4 dxe4 21. Bxe4 Rd8 22. Qb3 Nd4 23. Qa2 Qh4 24. Bd5 Rcd7 25. Bc4 Qg5 26. Kh1 g6 27. Rce1 Qf5 28. Qb2 Nf3 29. Rc1 Nd4 30. Rc3 h5 1/2-1/2

[Event "Dhaka Elegant Aspirant 2nd"]
[Site "Dhaka"]
[Date "2024.02.22"]
[Round "2"]
[White "Mayank, Chakraborty"]
[Black "Panesar, Vedant"]
[Result "1/2-1/2"]
[WhiteElo "2383"]
[BlackElo "2444"]
[PlyCount "45"]
[EventDate "2024.02.21"]
[EventType "tourn"]
[EventRounds "9"]
[EventCountry "BAN"]
[EventCategory "6"]
[SourceTitle "CB10_2024"]
[SourceDate "2024.03.06"]
[SourceVersion "1"]
[SourceVersionDate "2024.03.06"]
[SourceQuality "1"]

1. e4 e5 2. Nf3 Nc6 3. Nc3 Nf6 4. d4 exd4 5. Nxd4 Bb4 6. Nxc6 bxc6 7. Bd3 d5 8. exd5 0-0 9. 0-0 Bg4 10. f3 Bh5 11. dxc6 Qd4+ 12. Kh1 Bxc3 13. bxc3 Qxc3 14. Rb1 Bg6 15. Bb2 Qxc6 16. Bxf6 Qxf6 17. Bxg6 hxg6 18. Qd7 Qd8 19. Qd3 Qf6 20. Qd7 Qd8 21. Qd3 Qf6 22. Qd7 Qd8 23. Qd3 1/2-1/2

[Event "Dhaka Global Aspirant"]
[Site "Dhaka"]
[Date "2024.02.18"]
[Round "8"]
[White "Mayank, Chakraborty"]
[Black "Murshed, Niaz"]
[Result "1-0"]
[WhiteElo "2383"]
[BlackElo "2363"]
[PlyCount "67"]
[EventDate "2024.02.13"]
[EventType "tourn"]
[EventRounds "9"]
[EventCountry "BAN"]
[EventCategory "6"]
[SourceTitle "CB08_2024"]
[SourceDate "2024.02.21"]
[SourceVersion "1"]
[SourceVersionDate "2024.02.21"]
[SourceQuality "1"]

1. d4 Nf6 2. c4 e6 3. g3 Bb4+ 4. Nd2 d5 5. Bg2 0-0 6. Ngf3 dxc4 7. Qc2 Nc6 8. Qxc4 Qd5 9. 0-0 Bxd2 10. Qxd5 exd5 11. Bxd2 Bf5 12. Rfc1 Rfe8 13. b4 Rac8 14. e3 Bd3 15. a4 a6 16. Bh3 Rb8 17. Bf1 Bxf1 18. Kxf1 Rec8 19. b5 axb5 20. axb5 Nd8 21. Ne5 Kf8 22. Ba5 b6 23. Bb4+ Ke8 24. Ra7 Rb7 25. Ra2 Rbb8 26. Rac2 Rb7 27. Ra1 Rbb8 28. Nd3 Ne6 29. Rac1 Ra8 30. Ne5 Ra7 31. f4 Ne4 32. Nc6 Ra4 33. f5 Nd8 34. Ne7 1-0

[Event "Dhaka Global Aspirant"]
[Site "Dhaka"]
[Date "2024.02.14"]
[Round "3"]
[White "Mayank, Chakraborty"]
[Black "Panesar, Vedant"]
[Result "1/2-1/2"]
[WhiteElo "2383"]
[BlackElo "2444"]
[PlyCount "38"]
[EventDate "2024.02.13"]
[EventType "tourn"]
[EventRounds "9"]
[EventCountry "BAN"]
[EventCategory "6"]
[SourceTitle "CB08_2024"]
[SourceDate "2024.02.21"]
[SourceVersion "1"]
[SourceVersionDate "2024.02.21"]
[SourceQuality "1"]

1. d4 Nf6 2. c4 e6 3. Nc3 Bb4 4. Bd2 c5 5. dxc5 Bxc5 6. Nf3 0-0 7. g3 d5 8. cxd5 exd5 9. Bg2 Nc6 10. Na4 Be7 11. 0-0 d4 12. b4 a6 13. Rc1 Bg4 14. Nc5 Bxc5 15. bxc5 Re8 16. Bf4 Nh5 17. Bd2 Nf6 18. Bf4 Nh5 19. Bd2 Nf6 1/2-1/2

[Event "Bangabandhu-chT"]
[Site "Dhaka"]
[Date "2024.02.11"]
[Round "11.2"]
[White "Mayank, Chakraborty"]
[Black "Ahmed, Sk Nasir"]
[Result "1-0"]
[WhiteElo "2383"]
[BlackElo "2182"]
[PlyCount "47"]
[EventDate "2024.02.01"]
[EventType "team-tourn"]
[EventRounds "11"]
[EventCountry "BAN"]
[SourceTitle "CB07_2024"]
[SourceDate "2024.02.14"]
[SourceVersion "1"]
[SourceVersionDate "2024.02.14"]
[SourceQuality "1"]
[WhiteTeam "Titas Club"]
[BlackTeam "Bangladesh Navy"]
[WhiteTeamCountry "BAN"]
[BlackTeamCountry "BAN"]

1. d4 Nf6 2. c4 e6 3. Nc3 Bb4 4. f3 0-0 5. a3 Bxc3+ 6. bxc3 d5 7. cxd5 exd5 8. e3 c5 9. Bd3 b6 10. Ne2 Bb7 11. 0-0 Re8 12. Ra2 Nbd7 13. Ng3 Nf8 14. Re2 a5 15. Kh1 Ba6 16. Bxa6 Rxa6 17. e4 dxe4 18. fxe4 cxd4 19. cxd4 b5 20. Ref2 Rd6 21. Bg5 Rxd4 22. Qa1 Re6 23. Nf5 Rdd6 24. e5 1-0

[Event "IND-ch U15 48th"]
[Site "Jalgaon"]
[Date "2023.12.28"]
[Round "2"]
[White "Snehaal, Roy"]
[Black "Mayank, Chakraborty"]
[Result "0-1"]
[WhiteElo "1654"]
[BlackElo "2403"]
[PlyCount "100"]
[EventDate "2023.12.27"]
[EventType "swiss"]
[EventRounds "11"]
[EventCountry "IND"]
[SourceTitle "CB02_2024"]
[SourceDate "2024.01.10"]
[SourceVersion "1"]
[SourceVersionDate "2024.01.10"]
[SourceQuality "1"]

1. e4 e5 2. Nf3 Nc6 3. c3 d5 4. Qa4 dxe4 5. Nxe5 Qd5 6. Nxc6 bxc6 7. Bc4 Qd6 8. 0-0 Nf6 9. d4 Be7 10. Re1 0-0 11. Nd2 Bf5 12. f3 exf3 13. Nxf3 Be4 14. Ne5 c5 15. Bf4 Qb6 16. Qb3 Qxb3 17. Bxb3 cxd4 18. cxd4 Bb4 19. Rec1 Ba5 20. Nc4 Bb6 21. Nxb6 cxb6 22. Be5 a5 23. Re1 Rfe8 24. Bxf6 gxf6 25. Rxe4 Rxe4 26. Bd5 Rae8 27. Bxe4 Rxe4 28. Rd1 Re2 29. d5 Kf8 30. Rf1 Ke7 31. Rf2 Re1+ 32. Rf1 Rxf1+ 33. Kxf1 Kd6 34. Ke2 Kxd5 35. Kd3 b5 36. a3 f5 37. g3 a4 38. Kc3 f4 39. gxf4 Ke4 40. Kb4 Kxf4 41. Kxb5 f5 42. Kxa4 Ke4 43. b4 f4 44. b5 Kd5 45. Ka5 f3 46. b6 Kc6 47. Ka6 f2 48. b7 f1Q+ 49. Ka7 Qb5 50. b8Q Qa4# 0-1

[Event "Budapest SixDays 11 GM"]
[Site "Budapest"]
[Date "2023.12.02"]
[Round "9"]
[White "Mayank, Chakraborty"]
[Black "Pribelszky, Bence"]
[Result "1-0"]
[WhiteElo "2368"]
[BlackElo "2394"]
[PlyCount "81"]
[EventDate "2023.11.27"]
[EventType "tourn"]
[EventRounds "9"]
[EventCountry "HUN"]
[EventCategory "7"]
[SourceTitle "CB49_2023"]
[SourceDate "2023.12.06"]
[SourceVersion "1"]
[SourceVersionDate "2023.12.06"]
[SourceQuality "1"]

1. d4 e6 2. c4 b6 3. e4 Bb7 4. Nc3 Bb4 5. Bd3 f5 6. Qh5+ g6 7. Qe2 Nf6 8. f3 Nc6 9. Be3 fxe4 10. fxe4 e5 11. Nf3 exd4 12. Nxd4 Ne5 13. 0-0 Nfg4 14. Nd5 Bc5 15. Nb5 Bxe3+ 16. Nxe3 Nxe3 17. Qxe3 Bc6 18. Qg3 d6 19. Nd4 Bd7 20. Be2 Qe7 21. b4 a5 22. bxa5 Rxa5 23. Qc3 Rf8 24. Nb5 Rxf1+ 25. Rxf1 Bc6 26. Qh3 Ra8 27. Nc3 Bd7 28. Qe3 Be6 29. Nd5 Bxd5 30. cxd5 Qh4 31. Bb5+ Ke7 32. Qc3 Ra7 33. a4 h5 34. Qd2 Ra8 35. Qc1 Ra7 36. g3 Qg4 37. Qh6 Nf3+ 38. Kh1 c6 39. Qg7+ Kd8 40. Qf8+ Kc7 41. Be2 1-0

[Event "Budapest SixDays 11 GM"]
[Site "Budapest"]
[Date "2023.12.01"]
[Round "8"]
[White "Srikant Koduri, Advaitt"]
[Black "Mayank, Chakraborty"]
[Result "0-1"]
[WhiteElo "2281"]
[BlackElo "2368"]
[PlyCount "118"]
[EventDate "2023.11.27"]
[EventType "tourn"]
[EventRounds "9"]
[EventCountry "HUN"]
[EventCategory "7"]
[SourceTitle "CB49_2023"]
[SourceDate "2023.12.06"]
[SourceVersion "1"]
[SourceVersionDate "2023.12.06"]
[SourceQuality "1"]

1. d4 Nf6 2. Nf3 d5 3. Bf4 c5 4. c3 Nc6 5. e3 Qb6 6. Qc2 g6 7. Nbd2 Bg7 8. dxc5 Qxc5 9. Bd3 0-0 10. 0-0 Nh5 11. Bg5 f5 12. Nd4 e5 13. Nxc6 bxc6 14. Be2 h6 15. Bh4 Nf6 16. Bxf6 Bxf6 17. Nb3 Qb6 18. c4 Be6 19. Rfd1 Rac8 20. cxd5 cxd5 21. Qd2 Bg5 22. Qa5 Qxa5 23. Nxa5 Rc2 24. Bd3 Rxb2 25. Nc6 Bf6 26. a4 Rf7 27. Rab1 Rxb1 28. Rxb1 Rc7 29. Na5 e4 30. Ba6 d4 31. exd4 Bxd4 32. Rb8+ Kg7 33. Rb7 Rxb7 34. Bxb7 Bb6 35. Nc6 a5 36. Ba6 Bd7 37. Bb5 Kf6 38. Nd4 Bxb5 39. Nxb5 Ke5 40. Kf1 Kd5 41. Ke2 Kc4 42. Nd6+ Kb3 43. f3 exf3+ 44. gxf3 Kxa4 45. h4 Kb3 46. Kd3 a4 47. Nc4 Bd8 48. Nd2+ Kb4 49. h5 gxh5 50. f4 Bc7 51. Kc2 Bxf4 52. Nf3 Bg5 53. Kb2 h4 54. Ka1 Bf6+ 55. Kb1 h3 56. Ka2 f4 57. Nh2 Be7 58. Nf3 Kc3 59. Nh2 Kd2 0-1

[Event "Wch U18"]
[Site "Montesilvano"]
[Date "2023.11.22"]
[Round "9"]
[White "Pasti, Aron"]
[Black "Mayank, Chakraborty"]
[Result "0-1"]
[WhiteElo "2397"]
[BlackElo "2368"]
[PlyCount "110"]
[EventDate "2023.11.13"]
[EventType "swiss"]
[EventRounds "11"]
[EventCountry "ITA"]
[SourceTitle "CB48_2023"]
[SourceDate "2023.11.29"]
[SourceVersion "1"]
[SourceVersionDate "2023.11.29"]
[SourceQuality "1"]

1. e4 e5 2. Nf3 Nc6 3. Bb5 a6 4. Ba4 Nf6 5. 0-0 Be7 6. Re1 b5 7. Bb3 0-0 8. a4 Bb7 9. d3 d6 10. Nbd2 Nd7 11. a5 Nb4 12. Nf1 Nc5 13. Ba2 Nxa2 14. Rxa2 f5 15. exf5 Rxf5 16. Ng3 Rxf3 17. gxf3 Qd7 18. d4 exd4 19. Qxd4 Bxf3 20. Qe3 Rf8 21. Ra3 Qh3 22. Qxf3 Rxf3 23. Rxf3 Bf6 24. Re8+ Kf7 25. Re7+ Kg8 26. Re8+ Kf7 27. Re7+ Kg6 28. Ree3 Qg4 29. h3 Qa4 30. b3 Qxa5 31. Ne2 Qa2 32. Nf4+ Kf7 33. Nd5 Ne6 34. Bd2 Qxc2 35. Nxf6 gxf6 36. Bc3 Nd4 37. Bxd4 Qd1+ 38. Kg2 Qxd4 39. Rd3 Qe4 40. Rde3 Qb7 41. Kh2 c5 42. Rf4 d5 43. Rh4 Qb8+ 44. Kg2 d4 45. Rg3 Qb7+ 46. Kg1 Ke6 47. b4 cxb4 48. Rxd4 a5 49. Re3+ Kf5 50. Red3 Qc6 51. Rd6 Qc1+ 52. Kg2 a4 53. R6d5+ Kg6 54. Rg3+ Kf7 55. Rd7+ Ke6 0-1

[Event "Wch U18"]
[Site "Montesilvano"]
[Date "2023.11.20"]
[Round "7"]
[White "Galaviz Medina, Sion Radamantys"]
[Black "Mayank, Chakraborty"]
[Result "0-1"]
[WhiteElo "2461"]
[BlackElo "2368"]
[PlyCount "76"]
[EventDate "2023.11.13"]
[EventType "swiss"]
[EventRounds "11"]
[EventCountry "ITA"]
[SourceTitle "CB48_2023"]
[SourceDate "2023.11.29"]
[SourceVersion "1"]
[SourceVersionDate "2023.11.29"]
[SourceQuality "1"]

1. d4 Nf6 2. c4 e6 3. Nc3 Bb4 4. e3 0-0 5. Bd3 d5 6. cxd5 exd5 7. a3 Bd6 8. Qc2 c6 9. Nge2 Re8 10. Bd2 a5 11. f3 c5 12. Nb5 b6 13. 0-0 Ba6 14. dxc5 bxc5 15. Nxd6 Qxd6 16. Bxa6 Nxa6 17. Rad1 Qb6 18. Bc1 c4 19. Nc3 Rad8 20. Qf2 Nc5 21. e4 d4 22. Rxd4 Nd3 23. Rxd3 Qxf2+ 24. Rxf2 Rxd3 25. Rc2 Nd7 26. Kf2 Ne5 27. Bf4 f6 28. Na4 Rd4 29. Ke2 Rb8 30. Bd2 Rd7 31. Nc5 Ra7 32. f4 Nf7 33. Kf3 Rc7 34. Na6 Rb3+ 35. Rc3 Rc6 36. Rxb3 cxb3 37. Nb8 Rc2 38. Ke3 Rxb2 0-1

[Event "Wch U18"]
[Site "Montesilvano"]
[Date "2023.11.17"]
[Round "5"]
[White "Otero Marino, Alain"]
[Black "Mayank, Chakraborty"]
[Result "0-1"]
[WhiteElo "2204"]
[BlackElo "2368"]
[PlyCount "58"]
[EventDate "2023.11.13"]
[EventType "swiss"]
[EventRounds "11"]
[EventCountry "ITA"]
[SourceTitle "CB48_2023"]
[SourceDate "2023.11.29"]
[SourceVersion "1"]
[SourceVersionDate "2023.11.29"]
[SourceQuality "1"]

1. e4 e5 2. Nf3 Nc6 3. Bb5 a6 4. Ba4 Nf6 5. 0-0 Be7 6. Re1 b5 7. Bb3 0-0 8. a4 Bb7 9. d4 Nxd4 10. Nxd4 exd4 11. e5 Ne4 12. Qg4 Bg5 13. f4 Bh6 14. Nd2 d5 15. Bxd5 Qxd5 16. Nxe4 f5 17. exf6 Rfe8 18. f7+ Kxf7 19. Ng5+ Bxg5 20. Rxe8 Rxe8 21. fxg5 d3 22. cxd3 Qxd3 23. Qf4+ Kg8 24. Qd2 Qc4 25. Ra3 Bxg2 26. Qf4 Re4 27. Qf5 Qxc1+ 28. Kxg2 Qxb2+ 29. Kf1 Qb1+ 0-1

[Event "Qatar Masters op"]
[Site "Doha"]
[Date "2023.10.13"]
[Round "3"]
[White "Mayank, Chakraborty"]
[Black "Ravi, Teja Sanka"]
[Result "1/2-1/2"]
[WhiteElo "2333"]
[BlackElo "2448"]
[PlyCount "60"]
[EventDate "2023.10.11"]
[EventType "swiss"]
[EventRounds "9"]
[EventCountry "QAT"]
[SourceTitle "Mega2024 Update 01"]
[Source "Chessbase"]
[SourceDate "2023.11.12"]
[SourceVersion "1"]
[SourceVersionDate "2023.11.12"]
[SourceQuality "1"]

1. e4 c6 2. d4 d5 3. exd5 cxd5 4. c4 Nf6 5. Nc3 g6 6. Qb3 Bg7 7. cxd5 0-0 8. Be2 Na6 9. Bf3 Qb6 10. Nge2 Qxb3 11. axb3 Rd8 12. 0-0 Nc7 13. Ra5 b6 14. d6 exd6 15. Ra3 d5 16. Bf4 Ne6 17. Rfa1 a6 18. Be3 Bb7 19. b4 Bf8 20. Rb3 Ne4 21. Na4 Rd6 22. Nf4 Rc8 23. Be2 Bg7 24. Nxe6 Rxe6 25. Bf1 f5 26. g3 h5 27. b5 a5 28. Rd1 Kf7 29. Ra3 Bf6 30. Raa1 g5 1/2-1/2

[Event "Qatar Masters op"]
[Site "Doha"]
[Date "2023.10.12"]
[Round "2"]
[White "Rasulov, Vugar Ural Oglu"]
[Black "Mayank, Chakraborty"]
[Result "1-0"]
[WhiteElo "2560"]
[BlackElo "2333"]
[PlyCount "99"]
[EventDate "2023.10.11"]
[EventType "swiss"]
[EventRounds "9"]
[EventCountry "QAT"]
[SourceTitle "Mega2024 Update 01"]
[Source "Chessbase"]
[SourceDate "2023.11.12"]
[SourceVersion "1"]
[SourceVersionDate "2023.11.12"]
[SourceQuality "1"]

1. d4 Nf6 2. c4 e6 3. Nc3 Bb4 4. g3 d5 5. Bg2 0-0 6. a3 Bxc3+ 7. bxc3 c5 8. cxd5 exd5 9. Nf3 Nc6 10. 0-0 Re8 11. dxc5 Ne4 12. Qc2 Qa5 13. Ng5 Nxg5 14. Bxg5 Qxc5 15. Qd2 Be6 16. Be3 Qa5 17. Rfd1 Rad8 18. h4 Ne5 19. Bd4 Nc6 20. Qb2 Nxd4 21. Rxd4 b6 22. Rad1 Rc8 23. R1d3 Rc5 24. Qb3 Qa6 25. a4 h6 26. Re3 Rec8 27. Bxd5 Rxd5 28. Rxd5 Bxd5 29. Qxd5 Qxa4 30. Re7 Rf8 31. Kg2 b5 32. e4 a5 33. Rb7 b4 34. c4 Qe8 35. c5 Qa8 36. c6 a4 37. Rxb4 a3 38. c7 Qc8 39. Qd6 a2 40. Ra4 Qb7 41. Qd8 h5 42. Rxa2 Qxe4+ 43. Kh2 Qc6 44. Rd2 Qc5 45. Kg1 Kh7 46. Qxf8 Qxf8 47. Rd8 Qe7 48. c8Q Qe1+ 49. Kg2 Qe4+ 50. Kh2 1-0

[Event "Qatar Masters op"]
[Site "Doha"]
[Date "2023.10.11"]
[Round "1"]
[White "Mayank, Chakraborty"]
[Black "Chandra, Akshat"]
[Result "1-0"]
[WhiteElo "2333"]
[BlackElo "2486"]
[PlyCount "77"]
[EventDate "2023.10.11"]
[EventType "swiss"]
[EventRounds "9"]
[EventCountry "QAT"]
[SourceTitle "Mega2024 Update 01"]
[Source "Chessbase"]
[SourceDate "2023.11.12"]
[SourceVersion "1"]
[SourceVersionDate "2023.11.12"]
[SourceQuality "1"]

1. Nf3 Nf6 2. b3 g6 3. Bb2 Bg7 4. e3 0-0 5. d4 b6 6. c4 Bb7 7. Be2 e6 8. 0-0 d6 9. Nc3 c5 10. Qc2 Nbd7 11. Rad1 Qe7 12. Rfe1 a6 13. a4 cxd4 14. exd4 d5 15. a5 dxc4 16. bxc4 b5 17. d5 exd5 18. cxb5 Qc5 19. Nd4 Rfc8 20. Qb3 axb5 21. Bxb5 Qc7 22. Bxd7 Nxd7 23. Nxd5 Bxd5 24. Qxd5 Rxa5 25. Nb5 Qb8 26. Re7 Rf8 27. Bxg7 Kxg7 28. Qd4+ Kg8 29. Nc3 Nb6 30. Ne4 Ra4 31. Nf6+ Kh8 32. Qc3 Rc4 33. Qb2 Nd7 34. Qe2 Nb6 35. Nd7 Nxd7 36. Qxc4 Nb6 37. Qd4+ Kg8 38. h4 Nc8 39. Rd7 1-0

[Event "Asia-ch Blitz U20"]
[Site "Jamshedpur"]
[Date "2023.09.15"]
[Round "5"]
[White "Mayank, Chakraborty"]
[Black "Harshavardhan, GB."]
[Result "1-0"]
[WhiteElo "2071"]
[BlackElo "2353"]
[PlyCount "63"]
[EventDate "2023.09.15"]
[EventType "swiss (blitz)"]
[EventRounds "9"]
[EventCountry "IND"]
[SourceTitle "EXT 2024"]
[Source "ChessBase"]
[SourceDate "2023.10.10"]
[SourceVersion "1"]
[SourceVersionDate "2023.10.10"]
[SourceQuality "1"]

1. Nf3 Nf6 2. b3 g6 3. Bb2 Bg7 4. e3 0-0 5. d4 d5 6. c4 c6 7. Bd3 a5 8. 0-0 Nbd7 9. Nc3 b6 10. cxd5 cxd5 11. Rc1 Bb7 12. Ba3 Re8 13. Nb5 Rc8 14. Qe2 Ne4 15. Rxc8 Qxc8 16. Rc1 Qb8 17. Bxe4 dxe4 18. Nd2 Nf6 19. Bb2 h5 20. h3 h4 21. Nc4 Ba6 22. Ne5 Nd5 23. a4 Bxe5 24. dxe5 Nb4 25. e6 f6 26. Qg4 Kg7 27. Qxe4 Bxb5 28. axb5 Qd6 29. Bd4 g5 30. Qf5 Qd5 31. Bxf6+ Kf8 32. Be5+ 1-0

[Event "Asia-ch Blitz U20"]
[Site "Jamshedpur"]
[Date "2023.09.15"]
[Round "1"]
[White "Mayank, Chakraborty"]
[Black "Vihaan, Karthikeya N"]
[Result "1/2-1/2"]
[WhiteElo "2071"]
[BlackElo "1449"]
[PlyCount "116"]
[EventDate "2023.09.15"]
[EventType "swiss (blitz)"]
[EventRounds "9"]
[EventCountry "IND"]
[SourceTitle "EXT 2024"]
[Source "ChessBase"]
[SourceDate "2023.10.10"]
[SourceVersion "1"]
[SourceVersionDate "2023.10.10"]
[SourceQuality "1"]

1. d4 d5 2. c4 e6 3. Nc3 c5 4. cxd5 exd5 5. Nf3 Nc6 6. e3 Nf6 7. Bb5 Be7 8. dxc5 Bxc5 9. 0-0 0-0 10. b3 Bg4 11. Be2 Re8 12. Bb2 Rc8 13. h3 Bh5 14. Rc1 Bf8 15. Nb5 a6 16. Nbd4 Nxd4 17. Qxd4 Qd7 18. Rxc8 Rxc8 19. Ne5 Qe6 20. Bxh5 Nxh5 21. Nd3 Nf6 22. Nf4 Qd6 23. Rd1 Rc2 24. Rd2 Qc6 25. Qd3 Rxd2 26. Qxd2 h6 27. Bxf6 Qxf6 28. Nxd5 Qa1+ 29. Kh2 Bd6+ 30. f4 Qb1 31. Nc3 Qg6 32. Qd5 b5 33. Ne4 Bc7 34. Nc5 Bb6 35. b4 Qc2 36. e4 Qf2 37. Qd6 Ba7 38. f5 Qe3 39. Qe5 Qg5 40. Nxa6 Be3 41. g3 Ba7 42. Qb2 Qe3 43. Qg2 Bd4 44. Nc7 Qc1 45. Nxb5 Bb6 46. a4 Qb1 47. a5 Qxb4 48. axb6 Qxb5 49. Qf2 Qb1 50. Qe3 Qc2+ 51. Kg1 Qd1+ 52. Kf2 Qc2+ 53. Ke1 Qb1+ 54. Ke2 Qc2+ 55. Kf3 Qd1+ 56. Kf2 Qc2+ 57. Ke1 Qb1+ 58. Kf2 Qc2+ 1/2-1/2

[Event "Asia-ch Blitz U20"]
[Site "Jamshedpur"]
[Date "2023.09.15"]
[Round "4"]
[White "Nishanth, Dsouza"]
[Black "Mayank, Chakraborty"]
[Result "0-1"]
[WhiteElo "1430"]
[BlackElo "2071"]
[PlyCount "148"]
[EventDate "2023.09.15"]
[EventType "swiss (blitz)"]
[EventRounds "9"]
[EventCountry "IND"]
[SourceTitle "EXT 2024"]
[Source "ChessBase"]
[SourceDate "2023.10.10"]
[SourceVersion "1"]
[SourceVersionDate "2023.10.10"]
[SourceQuality "1"]

1. e4 e6 2. d4 d5 3. Nd2 c5 4. exd5 Qxd5 5. dxc5 Nf6 6. Ngf3 Qxc5 7. Bd3 Qc7 8. 0-0 Nc6 9. Nb3 Bd6 10. h3 a6 11. a3 b5 12. Re1 Bb7 13. c3 h6 14. Be3 Nd5 15. Nbd4 Nxe3 16. Rxe3 Bf4 17. Re1 0-0 18. Bc2 Rad8 19. Qd3 g6 20. Qe2 Rfe8 21. g3 Nxd4 22. Nxd4 Bxg3 23. Qg4 Bh2+ 24. Kf1 Qf4 25. Qxf4 Bxf4 26. Nb3 Bd6 27. Be4 Bxe4 28. Rxe4 f5 29. Re2 Kf7 30. Rae1 e5 31. f3 Re7 32. Na5 Rc8 33. Rd2 Re6 34. Nb7 Bb8 35. Rd7+ Re7 36. Nd6+ Bxd6 37. Rxd6 Re6 38. Rd7+ Kf6 39. Red1 Rcc6 40. Rd8 Kg5 41. Kf2 e4 42. fxe4 Rxe4 43. Rg1+ Kh5 44. Rd3 Rce6 45. Rd2 Rf4+ 46. Kg3 g5 47. Kh2 Rf3 48. Rg3 Rxg3 49. Kxg3 Re3+ 50. Kh2 f4 51. Rc2 Kh4 52. b3 Rxh3+ 53. Kg1 g4 54. c4 bxc4 55. bxc4 Rxa3 56. c5 Ra1+ 57. Kf2 Rd1 58. c6 Rd8 59. c7 Rc8 60. Kg1 a5 61. Rh2+ Kg5 62. Rc2 a4 63. Rc5+ Kh4 64. Rc4 f3 65. Rxa4 Rxc7 66. Ra2 h5 67. Rh2+ Kg5 68. Ra2 Rc5 69. Kf2 h4 70. Kg1 g3 71. Ra1 h3 72. Kh1 f2 73. Rb1 f1R+ 74. Rxf1 g2+ 0-1